Manuel des Études Grecques et Latines. (Registro nro. 43548)
[ vista simple ]
| 000 -CABECERA | |
|---|---|
| campo de control de longitud fija | 00249nam a2200097 a 4500 |
| 005 - FECHA Y HORA DE LA ÚLTIMA TRANSACCIÓN | |
| campo de control | 20201002045125.0 |
| 008 - DATOS DE LONGITUD FIJA--INFORMACIÓN GENERAL | |
| campo de control de longitud fija | 140514s1934 000 spa d |
| 040 ## - FUENTE DE LA CATALOGACIÓN | |
| Centro catalogador/agencia de origen | DO-SdBNP |
| 245 #0 - MENCIÓN DE TÍTULO | |
| Título | Manuel des Études Grecques et Latines. |
| 260 ## - PUBLICACIÓN, DISTRIBUCIÓN, ETC. | |
| Lugar de publicación, distribución, etc. | París, |
| Fecha de publicación, distribución, etc. | 1934. |
No hay ítems disponibles.
